| 000 | 00682cam a2200193 a 4500 | ||
|---|---|---|---|
| 008 | 091210s2011 nyua b 001 0 eng | ||
| 020 | _a9780077349684 (softcover : alk. paper) | ||
| 050 | 0 | 0 | _aGV 481 .F26 2011c |
| 100 | 1 |
_aFahey, Thomas D. _d1947 |
|
| 245 | 1 | 0 |
_aFit & well : _bcore concepts and labs in physical fitness and wellness / _cThomas D. Fahey, Paul M. Insel, Walton T. Roth..- |
| 250 | _a9th ed.: | ||
| 260 |
_aNew York ; _bMcGraw-Hill, _c2011. |
||
| 300 |
_axix, 342, [49] p. :ill. _bIncludes bibliographical references and index. |
||
| 650 | 0 | _aPhysical fitness. | |
| 650 | 0 | _aHealth. | |
| 700 | 1 | _aInsel, Paul M. | |
| 700 | 1 | _aRoth, Walton T. | |
| 942 |
_2lcc _cBOOKS |
||
| 999 |
_c4434 _d4434 |
||